|
|
|
|
| LEADER |
00000cas a2200000 4500 |
| 001 |
vtls012082896 |
| 003 |
SK-MaSNL |
| 005 |
20260228160237.0 |
| 008 |
220110c20219999xo r p 0 b0slo |
| 022 |
|
|
|a 2729-8469
|
| 040 |
|
|
|a SNK
|b slo
|c SNK
|e rda
|
| 041 |
0 |
|
|a slo
|
| 044 |
|
|
|a xo
|c SK
|
| 072 |
|
7 |
|a 79
|x Rekreácia. Voľný čas. Zábavy. Hry. Šport
|2 konspekt
|
| 080 |
|
|
|a 793.7
|2 2011
|
| 080 |
|
|
|a 379.8(051)
|2 2011
|
| 080 |
|
|
|a 050
|2 2011
|
| 210 |
0 |
|
|a Zábav. kríž. každý deň
|
| 222 |
|
0 |
|a Zábavné krížovky na každý deň
|
| 245 |
0 |
0 |
|a Zábavné krížovky na každý deň
|
| 264 |
|
1 |
|a Bratislava
|b EU Press, s.r.o.
|c 2021-
|
| 300 |
|
|
|c 30 cm
|
| 310 |
|
|
|a Občasník
|
| 336 |
|
|
|a text
|b txt
|2 rdacontent
|
| 337 |
|
|
|a bez média
|b n
|2 rdamedia
|
| 338 |
|
|
|a zväzok
|b nc
|2 rdacarrier
|
| 500 |
|
|
|a Evidenčné č.: EV 5976/21
|
| 500 |
|
|
|a Šéfredaktorka: 2021- , Olianna Svetová
|
| 650 |
0 |
7 |
|a krížovky
|2 SNKPH
|9 3313
|
| 655 |
|
7 |
|a časopisy pre voľný čas
|2 SNKPH
|9 70337
|
| 700 |
1 |
|
|a Svetová, Olianna
|4 pbd
|9 266233
|
| 910 |
|
|
|a snk
|
| 999 |
|
|
|c 1976
|d 3906
|
| 952 |
|
|
|0 0
|1 0
|4 0
|7 0
|8 0
|a SNK
|b SNK
|d 2023-01-17
|i snk2023/865
|l 0
|o snkČSB 7780/1/2021
|p 17A1465259
|r 2026-02-21 20:17:57
|t č. 1-3
|w 2026-02-21
|y PREZ
|